| 000 -LEADER |
| fixed length control field |
00710nam a22000977a 4500 |
| 008 - FIXED-LENGTH DATA ELEMENTS--GENERAL INFORMATION |
| fixed length control field |
160220b xxu||||| |||| 00| 0 eng d |
| 100 ## - MAIN ENTRY--AUTHOR'S NAME |
| Author's Name |
Meier zu Eissen, Hans |
| 245 ## - TITLE STATEMENT |
| Title |
Die Deutschen Privatpost-Anstalten : Handbuch und Katalog der Freimarken und Ganzsachen. Band II. (vol. II) |
| Remainder of title |
Bernburg - Frankfurt |
| 260 ## - PUBLICATION, DISTRIBUTION, ETC. (IMPRINT) |
| Place of publication, distribution, etc. |
Munster, Germany |
| Name of publisher, distributor, etc. |
Elisabeth Meier zu Eissen |
| Date of publication, distribution, etc. |
1968 |
| 650 ## - TOPICAL TERM (Tag) |
| Topical term or geographic name |
Germany | Saxony | Dresden | Germany -- Saxony (1858-1868) | German States | Locals and Private Posts | Postal Stationery | Cards | Post Cards | Printed to Private Order Postal Stationery | 19th Century | 20th Century | Catalogs and Price Lists | Express Companies | Postal History | Postal Markings | Postal Rates | Cinderella Material |